Norwich City (2019) Team Wes vs Team Russ - Statistics

General Stats
  • This quiz has been taken 10 times
  • The average score is 16 of 31
Answer Stats
Answer % Correct
Alexander Tettey
100%
Gary Holt
100%
Grant Holt
100%
Darren Huckerby
83%
Declan Rudd
83%
Ivo Pinto
83%
Jonny Howson
83%
Michael McGovern
83%
Simeon Jackson
83%
Steven Whittaker
83%
Zak Whitbread
83%
Adam Drury
67%
Simon Lappin
67%
Chris Martin
50%
Darel Russell
50%
David Fox
50%
Aaron Wilbraham
33%
Darren Kenton
33%
Elliott Ward
33%
Jamie Cureton
33%
Owain Tudur Jones
33%
Paul McVeigh
33%
Alan Gow
17%
Anthony McNamee
17%
Aston Oxborough
17%
Gary Doherty
17%
George Francomb
17%
Louis Thompson
17%
Michael Nelson
17%
Anthony Pilkington
0%
Mike Milligan
0%
No matching quizzes found
Score Distribution
Percent of People with Each Score
Percentile by Number Answered
Your Score History
You have not taken this quiz